| 000 | 00642nam a2200205 u 4500 | ||
|---|---|---|---|
| 005 | 20240806063814.0 | ||
| 008 | 071008s2007 es r 000 0 spa d | ||
| 020 | _a9788478719471 | ||
| 035 | _aUPN01000152677 | ||
| 049 | _aI | ||
| 050 | 4 |
_aPZ71 _bCH5.2 |
|
| 100 | 1 |
_aChild, Lauren, _d1967- _933864 |
|
| 245 | 1 | 0 |
_aAna Tarambana : _blíos de ortografía / _cLauren Child ; tr. Esteban Morán. |
| 260 |
_aBarcelona, Esp. : _bSerres, _c2007. |
||
| 300 | _a194 p. | ||
| 534 |
_pTítulo original: _tClarice Bean spells trouble |
||
| 650 | 4 |
_aLiteratura juvenil _95153 |
|
| 650 | 4 |
_aLIBROS Y LECTURA PARA LA JUVENTUD _910549 |
|
| 905 | _aInfantil | ||
| 999 |
_c124800 _d124800 |
||